00646nam a2200181Ia 4500001001900000003000900019008004100028040002300069041001300092100002400105245006300129250001500192260002800207300002500235490002700260501012400287520005300411937-ROM pr (18906)IT-MiSPE171229s9999||||xx |||||||||||||| ||und|| aIT-MiSPEcIT-MiSPE aITALIANO aGuido A. Mansuelli  0aRoma e le provincebI. Topografia, urbanizzazione, cultura a1a ed. (v) aBolognabCappellic1985 a723 p. [2 v.]c25 cm a Storia di Romav 17/2 aEdizioni San Paolo srl - Piazza Soncino, 5 - 20092 CINISELLO BALSAMO (MI) (non commercial uses only) ® Copyright 2018 aCart. geo. © Istituto Nazionale di Studi Romani